000 00850nam a22002657a 4500
005 20170124110251.0
010 _a522682
020 _c00.00
_a340059478
035 _a522682
037 _bCen Lib/Ret
040 _aDPL
_bEN
082 _a902
_bPAS
100 _aPascoe, L.C.
_998920
245 _aEncyclopaedia of dates and events /
_cby L.C. Pascoe, A.J. Lee [and] E.S. Jenkins
260 _aLondon
_bThe English University Press
_c1968
270 _bLondon
_aSt Paul's house warwick lane
300 _a774p.
_c15cm(Hb)
490 _aThe teach yourself
500 _aIncludes index
650 _aDates and events -- History -- Encyclopaedia
_998921
650 _aDates and events -- Encyclopaedia
_998922
700 _aLee , A.J.
_998923
700 _aJenkins, E.S.
_998924
942 _2ddc
_cEN
_h902
_mPAS
999 _c135865
_d135865